Szczegóły MARC21

Touristensprachführer : deutsch, polnisch, tschechisch, slovakisch /

005 -DATA I CZAS OSTATNIEJ MODYFIKACJI [,]
    • @
    • pole kontrolne
    • 20070315155141.9
040 -Instytucja sporządzająca opis [ , ]
    • a
    • Instytucja, która sporządziła opis (NP)
    • SZCZ U
    • c
    • Instytucja, która sporządziła rekord (NP)
    • SZCZ U
041 -Język dokumentu [0, ]
    • a
    • Język tekstu (P)
    • wielojęzyczny
    • h
    • Język tekstu oryginalnego i/lub pośredniego (P)
    • wielojęzyczny
942 -Rodzaj dokumentu [ , ]
    • c
    • Rodzaj dokumentu
    • Książka
245 -Strefa tytułu i oznaczenia odpowiedzialności [0, ]
    • a
    • Tytuł
    • Touristensprachführer : Find
    • b
    • Ciąg dalszy tytułu (NP)
    • deutsch, polnisch, tschechisch, slovakisch / Find
250 -Strefa wydania [ , ]
    • a
    • Oznaczenie wydania (NP)
    • [4., unveränd. Aufl.].
260 -Strefa adresu wydawniczego [ , ]
    • a
    • Miejsce wydania (P)
    • Leipzig :
    • b
    • Nazwa wydawcy (P)
    • Verlag Enzyklopädie,
    • c
    • Data wydania (P)
    • 1986.
300 -Strefa opisu fizycznego [ , ]
    • a
    • Określenie formy książki i/lub objętość (NP)
    • 126 s. :
    • c
    • Format (NP)
    • 18 cm.
500 -Uwaga ogólna [ , ]
    • a
    • Uwaga ogólna (NP)
    • Tekst w jez. niem., pol., czes. i słow
080 -Uniwersalna Klasyfikacja Dziesiętna [ , ]
    • a
    • Symbol klasyfikacji
    • 379.85=30=84=850=857
080 -Uniwersalna Klasyfikacja Dziesiętna [ , ]
    • a
    • Symbol klasyfikacji
    • :800.7=30=84=850=857
980 -Symbol UKD [ , ]
    • a
    • UKD
    • 379.85:800.7]=30=84=850=857
Status udost. Numer inwentarzowy Sygnatura Data inwentaryzacji Lokalizacja
-2TM.1711TM.17112003-10-30T
-2TM.1712TM.17122003-10-30T